| 000 | 00863nam a22002057a 4500 | ||
|---|---|---|---|
| 003 | OSt | ||
| 005 | 20250915164430.0 | ||
| 008 | 240322b ||||| |||| 00| 0 eng d | ||
| 040 | _c0 | ||
| 082 | _aDPer 621.381 In821 September 2022 v. 37 n. 9 | ||
| 100 |
_aQi, Yuhao. _eauthor. _955119 |
||
| 245 |
_aActive thermal control with optimal phase angle under stall condition of machine drive inverter / _cYuhao Qi, Ke Ma, and Shihao Xia. |
||
| 260 |
_aNew York ; _bThe Institute of Electrical and Electronics Engineers, Inc. , _cSeptember 2022. |
||
| 300 |
_aVolume 37, pages 10128-10132 : _billustration ; _c28 cm. |
||
| 500 | _aIEEE Transactions on Power Electronics, vol. 37, no. 9, pages 10128-10132, September 2022. | ||
| 700 |
_aQi, Yuhao. _eauthor. _955119 |
||
| 700 |
_aMa, Ke. _eauthor. _955120 |
||
| 700 |
_aXia, Shihao. _eauthor. _955121 |
||
| 942 |
_2ddc _cPER |
||
| 999 |
_c19785 _d19785 |
||